000 00989nam a22002417a 4500
008 081007t xxu||||| |||| 00| 0 mar
010 _aMAR-20041
020 _c200.00
035 _aMR-12699
037 _bDBAD / PUB
040 _adpl
_bMR
082 _a528
100 _aआपटे, मोहन
245 _aकालगणना /
_cमोहन आपटे
246 _aKalganana
_bby Mohan Apte
260 _aपुणे
_bराजहंस प्रकाशन
_c2008
270 _a1025, सदाशिव पेठ
_bपुणे
_e411030
_k020-24473459
_l24433719
_mrajhans1@pn2.vsnl.net.in
300 _aसात,237पृ
_c23 सेमी (अजिल्द)
_bसचित्र
650 _2पंचाग
650 _2Almanacs
942 _2ddc
_cMR
_mआपटे
_h528
999 _c22387
_d22387